00834naa a2200217 i 4500001000400000003000400004005001700008008003900025040000800064041000800072044000800080100014900088245008300237260001000320500004200330655003000372711005600402773013000458942001300588999001500601BPPBPK20180427094512.0150528s1995 pl f |100 0 eng cBPK aeng aPOL aHRYNIEWICZ, Tadeusz.d1971 - 1996.bWyższa Szkoła Inżynierska w Koszalinie - Wydział Mechaniczny,cZakład Elektrotechniki i Elektrochemii aOn the methods of surface effects measurement in solids /cTadeusz Hryniewicz. c1995. aDane z bibliografii załącznikowej. 0aMateriały konferencyjne. aAMT'95n(14 ;d1995 ;cGliwice / Zakopane, Polska). iW :tProc. of the 14th Int. Scientific Confer. on Advanced Materials and Technologies. Ext. Abst. Volume. -g1995, s. 185-188 cART2UKD c1128d1128